000 00626nam a2200205Ii 4500
001 8478
003 CO-ViMGA
008 241108s9999||||xx |||||||||||||| ||und||
040 _aCO-ViMGA
_bspa
_erda
_cCO-ViMGA
041 0 _aspa
082 0 4 _aC861.42 A581d
100 1 _aNancy Angel Devia
_950746
245 1 0 _aDeclaración de las espadas
264 1 _aBogotá, Colombia : Litografia Siglo XX, [Fecha de publicación no identificada]
300 _avolumen
336 _atext
_btxt
_2rdacontent
337 _aunmediated
_bn
_2rdamedia
338 _avolume
_bnc
_2rdacarrier
940 _aidficha_siabuc: 8283. -- ficha_no_siabuc:8478
999 _c45435
_d45435